Lanean...

Ethics in management

Xehetasun bibliografikoak
Egile nagusia: Sherlekar, S A
Formatua: Printed Book
Argitaratua: Himalaya Pub House: Bombay 1998
Gaiak:
LEADER 00525nam a2200193 4500
020 |c 125 
082 |a 380.17 SHE 
100 |a Sherlekar, S A 
245 |a Ethics in management  |c Sherlekar, S A 
250
260 |a Himalaya Pub House: Bombay  |c 1998 
300 |a 166 p 
490
500
590
650 |a Business ethics--Ethics in management 
942 |c BK 
999 |c 138749  |d 138749 
952 |0 0  |1 0  |4 0  |6 380_170000000000000_SHE  |7 0  |9 152209  |a IMK  |b IMK  |g 125.00  |l 0  |o 380.17 SHE  |p IMK05755  |r 2019-10-25  |w 2019-10-25  |y BK